000 00905nam a22002537a 4500
999 _c8570
_d8570
003 AR-CdUCM
008 190325b ||||| |||| 00| 0 spa d
020 _a84-281-0302-X
040 _aMUNICIPALIDAD PROVINCIAL DEL CUSCO
_cBIBLIOTECA MUNICIPAL DEL CUSCO
041 _hfre
082 _a154.7 /
_bB25
100 _aBaruk, Henri
_924002
245 _aLa hipnosis /
260 _aBarcelona :
_bOikos-tau,
_c1975.
300 _a141 páginas ;
_c17 cm.
440 _aColección ¿Qué sé? nueva serie.
_n110
_924003
505 _aContenido: La histeria -- Catalepsia y sueño cataléptico -- La hipnosis o catalepsia provocada -- El psicoanálisis -- Anestesiología y sofrología -- El yoga.
650 _aLa hipnosis personal, animal
_924004
650 _aEl hipnotismo
_924005
650 _aYoga
_913008
700 _aFerrer, Alexandre (traducción)
_924006
942 _2ddc
_cLIBROS
945 _aachl